=LDR 00000nam 2200000 4500 =001 INLIS000000000049791 =990 ##$$a 21605196 =005 20200217024722 =990 ##$$a 21605195 =035 ##$$a 0010-031700000000236 =990 ##$$a 21605197 =008 200217###########################0###### =990 ##$$a 21605198 =020 ##$$a 978-979-17856-8-5 =990 ##$$a 21605199 =040 ##$$a NBPDMAT =082 ##$$a 959.865 1 =090 ##$$a 959.865 1 Muh k =100 ##$$a Muhammad Shafwan =245 1#$$a Kota tua ampenan /$c Muhammad Shafwan ; editor Mukhlis Muma Leon =260 ##$$a Mataram :$b Komunitas Jejak Pena Mataram,$c 2015 =300 ##$$a viii, 78 hlm. : $b ilus ; $c 21 cm. =650 #4$$a Ampenan - Sejarah =700 #$$a Mukhlis Muma Leon =850 ##$$a NBPDMAT =084 ##$$a 959.865 1 Muh k =504 ##$$a Bibliografi : hlm. 76 - 77 =504 ##$$a Biografi : hlm. 78 =990 ##$$a 21605195 =990 ##$$a 21605196 =990 ##$$a 21605197 =990 ##$$a 21605198 =990 ##$$a 21605199